[Event "Montevideo Trebejos op 07"]
[Site "Montevideo"]
[Date "2018.07.20"]
[Round "4"]
[White "Savino, Horacio"]
[Black "Martinez Fernandez, Fernando"]
[Result "0-1"]
[WhiteElo "1835"]
[BlackElo "1920"]
[PlyCount "90"]
[EventDate "2018.07.11"]
[EventType "swiss"]
[EventRounds "7"]
[EventCountry "URU"]
[SourceTitle "EXT 2019"]
[Source "ChessBase"]
[SourceDate "2018.10.10"]
[SourceVersion "1"]
[SourceVersionDate "2018.10.10"]
[SourceQuality "1"]

1. d4 d5 2. c4 c6 3. Nc3 Nf6 4. Nf3 dxc4 5. a4 Bf5 6. Ne5 e6 7. f3 Bb4 8. e4 Bg6 9. Bxc4 0-0 10. Be3 Nbd7 11. Nd3 Be7 12. 0-0 Nb6 13. Bb3 h6 14. Qd2 Nbd7 15. Rfd1 b6 16. Rac1 Rc8 17. Bc4 Nb8 18. Ne5 Bh7 19. Ne2 Nfd7 20. Nd3 Re8 21. Nef4 Bf8 22. Qf2 Qe7 23. Qg3 Qg5 24. Qf2 Qe7 25. h4 Kh8 26. Qg3 a6 27. Bd2 b5 28. Bb3 Qd8 29. Bc3 a5 30. d5 cxd5 31. exd5 b4 32. dxe6 bxc3 33. exd7 Nxd7 34. Bxf7 Re7 35. Be6 cxb2 36. Rxc8 Qxc8 37. Nxb2 Qc5+ 38. Kh2 Nf6 39. Rd8 Re8 40. Rxe8 Nxe8 41. Ng6+ Bxg6 42. Qxg6 Qe5+ 43. Kh3 Nf6 44. Qf7 Bd6 45. f4 Qxf4 0-1

[Event "Montevideo Trebejos op 07"]
[Site "Montevideo"]
[Date "2018.07.11"]
[Round "1"]
[White "Martinez Fernandez, Fernando"]
[Black "Aprahamian, Tomas"]
[Result "1-0"]
[WhiteElo "1920"]
[BlackElo "1463"]
[PlyCount "107"]
[EventDate "2018.07.11"]
[EventType "swiss"]
[EventRounds "7"]
[EventCountry "URU"]
[SourceTitle "EXT 2019"]
[Source "ChessBase"]
[SourceDate "2018.10.10"]
[SourceVersion "1"]
[SourceVersionDate "2018.10.10"]
[SourceQuality "1"]

1. d4 e6 2. c4 d5 3. Nf3 Nf6 4. Bg5 Nbd7 5. e3 Be7 6. Nc3 c6 7. Bd3 0-0 8. 0-0 dxc4 9. Bxc4 Nb6 10. Bd3 Nfd5 11. Bxe7 Qxe7 12. a3 Bd7 13. Qc2 h6 14. Ne4 f5 15. Nc5 Rab8 16. Ne5 Be8 17. b4 Nd7 18. Ncxd7 Bxd7 19. Ng6 Qg5 20. Nxf8 Rxf8 21. Qd2 f4 22. e4 Nf6 23. f3 Qh4 24. Qf2 Qh5 25. Bc4 g5 26. e5 Nd5 27. Bxd5 exd5 28. h3 Qg6 29. Rac1 h5 30. Qc2 Bf5 31. Qc5 Bd3 32. Rfe1 g4 33. Qd6 Qg5 34. hxg4 hxg4 35. Qe6+ Kh8 36. Qxg4 Qh6 37. Kf2 Rg8 38. Rh1 Rxg4 39. Rxh6+ Kg7 40. Rch1 Rg3 41. Rf6 Rg6 42. Rxf4 Bc4 43. Rfh4 Bd3 44. Rh7+ Kg8 45. Rxb7 a6 46. Rh4 Bf5 47. Rf4 Be6 48. Rb6 Kh7 49. Rxa6 Kh6 50. Rxc6 Bd7 51. Rxg6+ Kxg6 52. Rf6+ Kg7 53. Rd6 Ba4 54. Rxd5 1-0

[Event "URU-ch Seniors 50"]
[Site "Montevideo"]
[Date "2018.06.15"]
[Round "1.7"]
[White "Ruiz, Ulises"]
[Black "Martinez Fernandez, Fernando"]
[Result "0-1"]
[WhiteElo "1535"]
[BlackElo "1932"]
[PlyCount "94"]
[EventDate "2018.06.15"]
[EventType "swiss"]
[EventRounds "5"]
[EventCountry "URU"]
[SourceTitle "EXT 2019"]
[Source "ChessBase"]
[SourceDate "2018.10.10"]
[SourceVersion "1"]
[SourceVersionDate "2018.10.10"]
[SourceQuality "1"]

1. d4 d5 2. Nf3 Nf6 3. Bf4 Bf5 4. e3 e6 5. a3 Bd6 6. Bxd6 Qxd6 7. Nbd2 0-0 8. c4 c6 9. Rc1 Nbd7 10. b4 e5 11. dxe5 Nxe5 12. Nxe5 Qxe5 13. Be2 Qb2 14. Ra1 dxc4 15. Nxc4 Qc3+ 16. Kf1 Rad8 17. Qc1 Qxc1+ 18. Rxc1 Rd7 19. Rd1 Rfd8 20. Rxd7 Rxd7 21. f3 Bd3 22. Kf2 Bxc4 23. Bxc4 Rd2+ 24. Be2 Nd5 25. Rd1 Rxe2+ 26. Kxe2 Nc3+ 27. Kd2 Nxd1 28. Kxd1 Kf8 29. Kd2 Ke7 30. Kd3 Kd6 31. Kd4 b6 32. f4 f5 33. h3 h5 34. g3 a6 35. a4 g6 36. Kc4 c5 37. bxc5+ bxc5 38. e4 fxe4 39. g4 hxg4 40. hxg4 Ke6 41. a5 Kd6 42. Kc3 Kd5 43. Kd2 Kd4 44. Ke2 c4 45. Kd1 e3 46. Ke2 c3 47. Kd1 Kd3 0-1

[Event "Montevideo Noches de Misterio op"]
[Site "Montevideo"]
[Date "2018.05.23"]
[Round "6"]
[White "Bustelo, Tabare"]
[Black "Martinez Fernandez, Fernando"]
[Result "0-1"]
[WhiteElo "2064"]
[BlackElo "1910"]
[PlyCount "198"]
[EventDate "2018.04.18"]
[EventType "swiss"]
[EventRounds "6"]
[EventCountry "URU"]
[SourceTitle "CBM 184 Extra"]
[Source "ChessBase"]
[SourceDate "2018.06.28"]
[SourceVersion "1"]
[SourceVersionDate "2018.06.28"]
[SourceQuality "1"]

1. e4 c6 2. d4 d5 3. exd5 cxd5 4. c4 Nf6 5. Bd3 Nc6 6. Ne2 g6 7. Nbc3 Bg7 8. Bg5 dxc4 9. Bxc4 0-0 10. 0-0 Bf5 11. Qd2 Rc8 12. Bb3 Na5 13. Ng3 Nxb3 14. axb3 a6 15. Nxf5 gxf5 16. Qf4 Qd7 17. Ra5 e6 18. h3 Qc7 19. Qh4 Qxa5 20. Bxf6 Bxf6 21. Qxf6 Qd8 22. Qe5 Qc7 23. Qf6 Qd8 24. Qe5 Qc7 25. Qe3 Kh8 26. Rd1 Qd6 27. Qh6 f6 28. d5 e5 29. b4 Rg8 30. Qh4 Rg6 31. Kh1 Rcg8 32. Rg1 e4 33. Qh5 Rg5 34. Qf7 b5 35. g3 e3 36. fxe3 Rxg3 37. Rxg3 Rxg3 38. Qh5 Rg5 39. Qf7 Rg7 40. Qe8+ Rg8 41. Qf7 Qf8 42. Qxf8 Rxf8 43. Kg2 Kg7 44. Kf3 Kg6 45. Ne2 Rc8 46. Nf4+ Kf7 47. Nd3 Rd8 48. e4 fxe4+ 49. Kxe4 Ke7 50. Nc5 f5+ 51. Ke5 f4 52. Kxf4 Rxd5 53. Nxa6 Rd2 54. Ke5 Rxb2 55. Nc7 Rh2 56. Nxb5 Rxh3 57. Nd4 Rh5+ 58. Ke4 Kd7 59. b5 Kc7 60. Kf4 Kb6 61. Kg4 Rd5 62. Ne6 Rxb5 63. Nf8 h6 64. Ne6 Re5 65. Nf4 Kc6 66. Nh5 Kd6 67. Nf4 Rg5+ 68. Kh4 Ke5 69. Nh3 Rg6 70. Kh5 Kf5 71. Kh4 Rg4+ 72. Kh5 Rg3 73. Kh4 Rg2 74. Kh5 Rh2 75. Kh4 h5 76. Kg3 Ra2 77. Kh4 Kg6 78. Nf4+ Kh6 79. Ne6 Ra4+ 80. Kh3 h4 81. Nc5 Rc4 82. Nd7 Kg5 83. Ne5 Rc3+ 84. Kh2 h3 85. Nf7+ Kh4 86. Nd6 Rc2+ 87. Kh1 h2 88. Ne4 Re2 89. Nf2 Ra2 90. Ne4 Kg4 91. Nf2+ Kf3 92. Nh3 Ra8 93. Ng5+ Kg4 94. Ne4 Rh8 95. Ng3 Kf3 96. Nf1 Kf2 97. Nd2 Re8 98. Nc4 Re1+ 99. Kxh2 Re4 0-1

[Event "Montevideo Andrea Memorial 3rd"]
[Site "Montevideo"]
[Date "2018.05.17"]
[Round "4"]
[White "Martinez Fernandez, Fernando"]
[Black "Ramos Correa, Gabriel"]
[Result "1/2-1/2"]
[WhiteElo "1910"]
[BlackElo "1932"]
[PlyCount "33"]
[EventDate "2018.05.08"]
[EventType "swiss"]
[EventRounds "6"]
[EventCountry "URU"]
[SourceTitle "CBM 184 Extra"]
[Source "ChessBase"]
[SourceDate "2018.06.28"]
[SourceVersion "1"]
[SourceVersionDate "2018.06.28"]
[SourceQuality "1"]

1. d4 Nf6 2. Nf3 e6 3. c4 b6 4. g3 Bb7 5. Bg2 Be7 6. 0-0 0-0 7. Nc3 d5 8. cxd5 exd5 9. Bf4 Nh5 10. Be3 c6 11. Rc1 Nd7 12. Re1 Re8 13. h3 Nhf6 14. Bf4 Nh5 15. Be3 Nhf6 16. Bf4 Nh5 17. Be3 1/2-1/2

[Event "Montevideo Noches de Misterio op"]
[Site "Montevideo"]
[Date "2018.04.18"]
[Round "1"]
[White "Martinez Fernandez, Fernando"]
[Black "Segovia, Marc"]
[Result "1/2-1/2"]
[WhiteElo "1910"]
[BlackElo "1534"]
[PlyCount "82"]
[EventDate "2018.04.18"]
[EventType "swiss"]
[EventRounds "6"]
[EventCountry "URU"]
[SourceTitle "CBM 184 Extra"]
[Source "ChessBase"]
[SourceDate "2018.06.28"]
[SourceVersion "1"]
[SourceVersionDate "2018.06.28"]
[SourceQuality "1"]

1. d4 Nf6 2. c4 e6 3. Nf3 b6 4. a3 Bb7 5. Nc3 d5 6. b3 c5 7. e3 cxd4 8. exd4 Be7 9. Be2 dxc4 10. bxc4 Nc6 11. 0-0 0-0 12. Bf4 Na5 13. Ne5 Rc8 14. Nb5 a6 15. Nc3 b5 16. c5 Nd5 17. Bd2 Bg5 18. f4 Bh4 19. Na2 Nc6 20. Nf3 Bf6 21. Bc1 Qc7 22. Ne5 Rcd8 23. Nxc6 Bxc6 24. Kh1 Ne7 25. Bb2 Nf5 26. Qc1 Bxd4 27. Nb4 Bxb2 28. Qxb2 Bxg2+ 29. Kxg2 Ne3+ 30. Kh3 Qxc5 31. Rg1 Qf5+ 32. Kg3 h5 33. Kf3 Ng4 34. Kg3 g6 35. Qb1 h4+ 36. Kf3 Ne5+ 37. Ke3 Qh3+ 38. Kf2 Qxh2+ 39. Ke3 Qh3+ 40. Kf2 Qh2+ 41. Ke3 Qh3+ 1/2-1/2

[Event "Montevideo Trebejos Autumn op"]
[Site "Montevideo"]
[Date "2018.03.12"]
[Round "3"]
[White "Belistri, Ubaldo"]
[Black "Martinez Fernandez, Fernando"]
[Result "1/2-1/2"]
[WhiteElo "1926"]
[BlackElo "1910"]
[PlyCount "51"]
[EventDate "2018.03.07"]
[EventType "swiss"]
[EventRounds "7"]
[EventCountry "URU"]
[SourceTitle "CBM 183 Extra"]
[Source "ChessBase"]
[SourceDate "2018.04.19"]
[SourceVersion "1"]
[SourceVersionDate "2018.04.19"]
[SourceQuality "1"]

1. Nf3 d5 2. c4 c6 3. b3 Nf6 4. Bb2 g6 5. e3 Bg7 6. Be2 0-0 7. 0-0 Nbd7 8. d4 Ne4 9. cxd5 cxd5 10. Nc3 Ndf6 11. Ne5 Nxc3 12. Bxc3 Ne4 13. Be1 Be6 14. f3 Nd6 15. Bd2 Rc8 16. Bd3 Qb6 17. Qe2 Nf5 18. f4 f6 19. Nf3 Nd6 20. Rfc1 Bf5 21. Rxc8 Rxc8 22. Rc1 Rxc1+ 23. Bxc1 Bxd3 24. Qxd3 Ne4 25. Qc2 Qc6 26. Qxc6 1/2-1/2

[Event "Montevideo Trebejos Verano op"]
[Site "Montevideo"]
[Date "2018.01.26"]
[Round "6"]
[White "Martinez Fernandez, Fernando"]
[Black "Granara Barreto, Sebastian A"]
[Result "0-1"]
[WhiteElo "1913"]
[BlackElo "2161"]
[PlyCount "108"]
[EventDate "2018.01.15"]
[EventType "swiss"]
[EventRounds "6"]
[EventCountry "URU"]
[SourceTitle "CBM 182 Extra"]
[Source "ChessBase"]
[SourceDate "2018.02.23"]
[SourceVersion "1"]
[SourceVersionDate "2018.02.23"]
[SourceQuality "1"]

1. d4 c5 2. d5 e5 3. dxe6 fxe6 4. e4 Nc6 5. Nf3 Be7 6. Be2 Nf6 7. e5 Ng4 8. Bf4 0-0 9. Bg3 Qc7 10. 0-0 Ngxe5 11. Nxe5 Nxe5 12. Nd2 d5 13. c4 Bd6 14. cxd5 exd5 15. Rc1 Be6 16. Nb3 c4 17. Nd4 Bd7 18. Nb5 Bxb5 19. Qxd5+ Kh8 20. Qxb5 a6 21. Qd5 b5 22. Rcd1 Rad8 23. Qe4 Ng6 24. Bxd6 Rxd6 25. Rxd6 Qxd6 26. Rd1 Qf6 27. Qd4 Qxd4 28. Rxd4 Kg8 29. g3 Rf6 30. f4 Ne7 31. Rd8+ Kf7 32. Rd7 Ke8 33. Rd2 Nc6 34. a4 Nb4 35. axb5 axb5 36. h4 Ke7 37. Rd4 Rd6 38. Rxd6 Kxd6 39. Kf2 Kd5 40. Ke3 Nc2+ 41. Kd2 Nd4 42. Bg4 b4 43. Bd1 Ke4 44. Bg4 Nb3+ 45. Kc2 Nd4+ 46. Kd2 Nf5 47. Be2 Kd4 48. g4 Nxh4 49. f5 h6 50. Bf1 Nf3+ 51. Kc2 Ne5 52. Be2 Nd3 53. Bd1 Ke3 54. Kb1 b3 0-1

[Event "Montevideo Trebejos Verano op"]
[Site "Montevideo"]
[Date "2018.01.24"]
[Round "5"]
[White "Martinez Fernandez, Fernando"]
[Black "Pena Canapa, Alfredo"]
[Result "1-0"]
[WhiteElo "1913"]
[BlackElo "1896"]
[PlyCount "89"]
[EventDate "2018.01.15"]
[EventType "swiss"]
[EventRounds "6"]
[EventCountry "URU"]
[SourceTitle "CBM 182 Extra"]
[Source "ChessBase"]
[SourceDate "2018.02.23"]
[SourceVersion "1"]
[SourceVersionDate "2018.02.23"]
[SourceQuality "1"]

1. d4 Nf6 2. c4 c5 3. d5 b5 4. Nf3 bxc4 5. Nc3 d6 6. e4 g6 7. Bxc4 Bg7 8. h3 0-0 9. 0-0 Ba6 10. Bxa6 Nxa6 11. Re1 Nd7 12. Bf4 Rb8 13. Qd2 Qb6 14. Rab1 Nc7 15. e5 Rfe8 16. exd6 exd6 17. Ne4 Ne5 18. Nxe5 Bxe5 19. Bxe5 Rxe5 20. Nf6+ Kg7 21. Nd7 Rxe1+ 22. Qxe1 Qb4 23. Nxb8 Qxb8 24. Qd2 Nb5 25. Qd3 a5 26. Re1 Nd4 27. b3 Qa8 28. Qe4 Qb7 29. h4 h5 30. g3 Qb4 31. Kg2 Qd2 32. Qe8 Nc2 33. Re7 Qxd5+ 34. Kg1 Nd4 35. Rc7 Nf3+ 36. Kf1 Qd1+ 37. Kg2 Ne5 38. Rc8 Qd5+ 39. Kg1 Nf3+ 40. Kf1 Nh2+ 41. Kg1 Nf3+ 42. Kf1 Nd2+ 43. Ke2 Kf6 44. Qd8+ Kf5 45. Qg5+ 1-0